World Library 100 Best Books of All Time Quiz Stats

 Plays Quiz not verified by Sporcle

Challenge
Share
Tweet
Embed
Score 0/100 Timer 16:00
0 Plays Today
Author Book % Correct
Leo TolstoyWar and Peace
86.9%
Jane AustenPride and Prejudice
85.4%
Fyodor DostoyevskyCrime and Punishment
85.4%
HomerOdyssey
84.9%
William ShakespeareHamlet
84.9%
George OrwellNineteen Eighty-Four
84.3%
HomerIliad
83.1%
Herman MelvilleMoby-Dick
80.9%
Miguel de CervantesDon Quixote
80.3%
Emily BrontëWuthering Heights
79.1%
James JoyceUlysses
79.1%
Vladimir NabokovLolita
77.1%
Mark TwainAdventures of Huckleberry Finn
76.9%
Leo TolstoyAnna Karenina
76%
Geoffrey ChaucerThe Canterbury Tales
75.1%
Charles DickensGreat Expectations
70.3%
Jonathan SwiftGulliver's Travels
69.4%
Gabriel Garcia MarquezOne Hundred Years of Solitude
68.6%
Ernest HemingwayThe Old Man and the Sea
68.6%
William ShakespeareOthello
68.3%
Albert CamusThe Stranger
66.3%
Gustave FlaubertMadame Bovary
65.7%
Fyodor DostoyevskyThe Brothers Karamazov
65.1%
William FaulknerThe Sound and the Fury
65.1%
Dante AlighieriDivine Comedy
62.9%
William ShakespeareKing Lear
62.6%
Virginia WoolfTo the Lighthouse
62.6%
Chinua AchebeThings Fall Apart
61.4%
Franz KafkaThe Trial
61.4%
Ralph EllisonInvisible Man
61.1%
Toni MorrisonBeloved
59.7%
Gabriel Garcia MarquezLove in the Time of Cholera
57.7%
Fyodor DostoyevskyThe Idiot
57.1%
VirgilAeneid
56.6%
Author Book % Correct
Virginia WoolfMrs. Dalloway
56.6%
Walt WhitmanLeaves of Grass
54.6%
D.H. LawrenceSons and Lovers
53.7%
Salman RushdieMidnight's Children
53.7%
Johann Wolfgang von GoetheFaust
53.4%
Henrik IbsenA Doll's House
52%
OvidMetamorphoses
51.1%
George EliotMiddlemarch
49.7%
SophoclesOedipus the King
49.4%
Hans Christian AndersenFairy tales
47.7%
Marcel ProustA la recherche du temps perdu
44.6%
William FaulknerAbsalom, Absalom!
44.3%
Thomas MannThe Magic Mountain
41.7%
AnonymousEpic of Gilgamesh
39.4%
Giovanni BoccaccioThe Decameron
39.4%
Gunter GrassThe Tin Drum
39.1%
StendahlThe Red and the Black
38%
Franz KafkaThe Castle
36.9%
Astrid LindgrenPippi Longstocking
33.4%
Nikolai GogolDead Souls
32%
Joseph ConradNostromo
31.1%
José SaramagoBlindness
31.1%
Laurence SterneTristram Shandy
30.9%
Doris LessingThe Golden Notebook
30.3%
Francois RabelaisThe Life of Gargantua and of Pantagruel
29.1%
EuripidesMedea
27.1%
Knut HamsunHunger
26.9%
Nikos KazantzakisZorba the Greek
26%
Jorge Luis BorgesFicciones
25.1%
Edgar Allan PoeTales
24.3%
Fyodor DostoyevskyThe Possessed
24%
Samuel BeckettMolloy, Malone Dies, The Unnamable, a trilogy
23.7%
Thomas MannBuddenbrooks
23.7%
Michel de MontaigneEssays
23.7%
Author Book % Correct
Paul CelanPoems
23.4%
Giacomo LeopardiPoems
23.4%
Honoré de BalzacLe Père Goriot
21.4%
Anton ChekhovStories
21.4%
Franz KafkaStories
21.4%
Murasaki ShikibuThe Tale of Genji
20%
Robert MusilThe Man Without Qualities
20%
Alfred DöblinBerlin Alexanderplatz
18%
Gustave FlaubertSentimental Education
18%
AnonymousOne Thousand and One Nights
17.4%
ValmikiRamayana
16.6%
VyasaMahabharata
16%
Louis-Ferdinand CélineJourney to the End of the Night
14.9%
Halldor LaxnessIndependent People
14.6%
Leo TolstoyThe Death of Ivan Ilyich
14%
Federico Garcia LorcaGypsy Ballads
10%
Fernando PessoaThe Book of Disquiet
10%
Marguerite YourcenarMemoirs of Hadrian
9.7%
AnonymousBook of Job
8.9%
Denis DiderotJacques the Fatalist
8%
Joao Guimaraes RosaThe Devil to Pay in the Backlands
8%
Juan RulfoPedro Paramo
7.7%
Italo SvevoConfessions of Zeno
7.7%
AnonymousNjal's Saga
7.1%
Elsa MoranteHistory
7.1%
Tayeb SalihSeason of Migration to the North
7.1%
Lu XunA Madman's Diary
5.7%
KalidasaShakuntala
5.1%
Naguib MahfouzChildren of Gebelawi
4.9%
Yasunari KawabataThe Sound of the Mountain
4.6%
SaadiBostan
4%
RumiMasnavi
3.1%

You're not logged in!

Compare scores with friends on all Sporcle quizzes.
Join for Free
OR
Log In

You Might Also Like...

Show Comments

Extras

Top Quizzes Today


Score Distribution

Your Account Isn't Verified!

In order to create a playlist on Sporcle, you need to verify the email address you used during registration. Go to your Sporcle Settings to finish the process.

Report this User

Report this user for behavior that violates our Community Guidelines.

Details: